Vista normal Vista MARC

Entrada Materia (tema)

Número de registros utilizados en: 1

001 - CONTROL NUMBER

  • control field: 180358

003 - CONTROL NUMBER IDENTIFIER

  • control field: Co-BoUCM

005 - DATE AND TIME OF LATEST TRANSACTION

  • control field: 20240319103810.0

008 - FIXED-LENGTH DATA ELEMENTS

  • fixed length control field: 240319|| aca||aabn | a|a d

040 ## - CATALOGING SOURCE

  • Original cataloging agency: Co-BoUCM
  • Transcribing agency: Co-BoUCM

150 ## - HEADING--TOPICAL TERM

  • Topical term or geographic name as entry element: Produccion (Teoria economica)
  • General subdivision: Rendimiento industrial

670 ## - SOURCE DATA FOUND

  • Source citation: Work cat.: (Co-BoUCM): Parra Restrepo, Bernardo 1946- 180357, Los negocios de Mingo , 2004